ORGANIC MEDICINAL CHEMISTRY PRACTICAL MANUAL : FOR --- STUDENT (Record no. 6122)

MARC details
000 -LEADER
fixed length control field 00536nam a22001817a 4500
005 - DATE AND TIME OF LATEST TRANSACTION
control field 20240110114834.0
008 - FIXED-LENGTH DATA ELEMENTS--GENERAL INFORMATION
fixed length control field 200317b xxu||||| |||| 00| 0 eng d
020 ## - INTERNATIONAL STANDARD BOOK NUMBER
ISBN 9789337085145
041 ## - LANGUAGE CODE
Language code of text/sound track or separate title eng
082 ## - DEWEY DECIMAL CLASSIFICATION NUMBER
Classification number 615.19
100 ## - MAIN ENTRY--AUTHOR NAME
Personal name SIDDIQUI ,ANEES AHMAD
245 ## - TITLE STATEMENT
Title ORGANIC MEDICINAL CHEMISTRY PRACTICAL MANUAL : FOR --- STUDENT
Statement of responsibility, etc ANEES AHMAD SIDDIQ AND OTHERS
250 ## - EDITION STATEMENT
Edition statement 1'ST
260 ## - PUBLICATION, DISTRIBUTION, ETC. (IMPRINT)
Place of publication NEW DELHI
Name of publisher CBS PUBLISHERS AND DISTRIBUTORS
Year of publication 2020
300 ## - PHYSICAL DESCRIPTION
Number of Pages 254 P. ; X
650 ## - SUBJECT ADDED ENTRY--TOPICAL TERM
Topical Term PHARMCY
General subdivision B.PHARMA
942 ## - ADDED ENTRY ELEMENTS (KOHA)
Koha item type Books
Holdings
Lost status Damaged status Collection code Home library Current library Shelving location Date acquired Source of acquisition Cost, normal purchase price Full call number Accession Number Koha item type
    Reference JRU Library JRU Library SHELF-5-A 17/03/2020 PURCHASE 295.00 615.19 23763 Books
    PHARMACY JRU Library JRU Library Shelf - 27- I 17/03/2020 PURCHASE 295.00 615.19 23764 Books
    PHARMACY JRU Library JRU Library Shelf - 27- I 17/03/2020 PURCHASE 295.00 615.19 23765 Books
    PHARMACY JRU Library JRU Library Shelf - 27- I 08/02/2022 PURCHASE 375.00 615.19 25984 Books
    PHARMACY JRU Library JRU Library Shelf - 27- I 08/02/2022 PURCHASE 375.00 615.19 25985 Books